La comunicación empresarial y la gestión de los intangibles en España y Latinoamerica: informe anual 2014

Furkejuvvon:
Bibliográfalaš dieđut
Váldodahkki: Villafañe, Justo (Dahkki)
Materiálatiipa: Girji
Giella:espánnjágiella
Almmustuhtton: Barcelona Gedisa 2014
Preanttus:1a. ed
Fáttát:
Fáddágilkorat: Lasit fáddágilkoriid
Eai fáddágilkorat, Lasit vuosttaš fáddágilkora!

MARC

LEADER 00000cam a2200000 a 4500
001 UCE6949
003 CL-VaPUC
008 150514e20140000sp |||||||||||||||||spa|d
020 |a 9788497848725 
082 0 4 |a 302.2  |b VIL  |2 21 
100 0 |a Villafañe, Justo  |e author  |9 579657 
245 1 3 |a La comunicación empresarial y la gestión de los intangibles en España y Latinoamerica: informe anual 2014 
250 |a 1a. ed 
300 |a 336 p 
942 |c BK 
945 |d 20150514 13:01:00  |a arojas 
260 |a Barcelona  |b Gedisa  |c 2014 
650 0 |a Comunicación empresarial  |9 534022 
650 0 |a Gestión organizacional  |9 528422 
651 0 |a España  |9 254926 
651 0 |a Latinoamérica  |9 316393 
583 |a last modification  |c 20150514 13:01:00  |k Rodrigo Vera 
999 |c 359114  |d 359112 
952 |0 0  |1 0  |3 erb  |4 0  |6 302_200000000000000_VIL_2014  |7 0  |8 A  |9 468144  |a BIBENE  |b BIBENE  |i 5149606  |o 302.2 VIL 2014  |p 5149606  |r 2025-01-15  |w 2019-11-23  |y BK  |z Catalogado en:20150514  |k ICO